00334nam a2200121Ia 4500008004100000041000800041082001600049100002100065245004500086260004200131300003000173365000900203240624s9999 xx 000 0 und d aeng a658.409 BER aBERGDAHL MICHAEL a10 RULES OF SAM WALTON SUCCESS SECRETS F c2006aNew JerseybJohn Wiley and Sons axi, : 259 : p. : cm. ; 24 cb28